NRW in Fotos - Statistiken

Allgemein
  • Dieses Quiz wurde 474 mal gespielt
    401 seit der letzten Aktualisierung
  • Das Durchschnittsergebnis liegt bei 6 aus 11
Antwortstatistiken
Bildquiz Antwort % Korrekt
Köln
99%
Wuppertal
89%
Düsseldorf
85%
Duisburg
60%
Münster
56%
Dortmund
51%
Bonn
36%
Detmold
30%
Bielefeld
24%
Aachen
19%
Paderborn
12%
Keine übereinstimmenden Quizze gefunden
Verteilung der Resultate
Anzahl Personen mit jedem Resultat
Perzentil nach korrekt beantworteten Fragen
Ihre Resultats-Entwicklung
Sie haben dieses Quiz seit der letzten Aktualisierung nicht gespielt